NFL Championship Winners - Statistics

General Stats
  • This quiz has been taken 78 times
    37 since last reset
  • The average score is 11 of 16
Answer Stats
# Championship Years Team % Correct
8 1921, 1932, 1933, 1940, 1941, 1943, 1946, 1963 Chicago Bears/Staleys
96%
11 1929, 1930, 1931, 1936, 1939, 1944, 1961, 1962, 1965, 1966, 1967 Green Bay Packers
96%
4 1927, 1934, 1938, 1956 New York Giants
89%
3 1958, 1959, 1968 Baltimore Colts
86%
4 1950, 1954, 1955, 1964 Cleveland Browns
86%
4 1935, 1952, 1953, 1957 Detroit Lions
86%
2 1937, 1942 Washington Redskins
82%
2 1945, 1951 Cleveland Rams/Los Angeles Rams
79%
1 1969 Minnesota Vikings
79%
3 1949, 1949, 1960 Philadelphia Eagles
79%
2 1925,1947 Chicago Cardinals
71%
1 1924 Cleveland Bulldogs
50%
2 1922, 1923 Canton Bulldogs
46%
1 1920 Akron Pros
29%
1 1926 Frankford Yellow Jackets
25%
1 1926 Providence Steam Roller
25%
No matching quizzes found
Score Distribution
Percent of People with Each Score
Percentile by Number Answered
Your Score History
You have not taken this quiz since the last reset